Procedings of the fifth Reginal Groundnut Workshop for S.A (Record no. 4952)

MARC details
000 -LEADER
fixed length control field 00414nam a22001577a 4500
005 - DATE AND TIME OF LATEST TRANSACTION
control field 20170822174839.0
008 - FIXED-LENGTH DATA ELEMENTS--GENERAL INFORMATION
fixed length control field 130527b xxu||||| |||| 00| 0 eng d
020 ## - INTERNATIONAL STANDARD BOOK NUMBER
International Standard Book Number 9290662344
040 ## - CATALOGING SOURCE
Transcribing agency BSU
Modifying agency BSU
082 ## - DEWEY DECIMAL CLASSIFICATION NUMBER
Edition number 22
Classification number 633.368 RAO
245 ## - TITLE STATEMENT
Title Procedings of the fifth Reginal Groundnut Workshop for S.A
260 ## - PUBLICATION, DISTRIBUTION, ETC. (IMPRINT)
Place of publication, distribution, etc India
Name of publisher, distributor, etc ICRISAT
Date of publication, distribution, etc 1992
300 ## - PHYSICAL DESCRIPTION
Extent xiv;138p
Dimensions 23cm
658 ## - INDEX TERM--CURRICULUM OBJECTIVE
Main curriculum objective Agriculture
942 ## - ADDED ENTRY ELEMENTS (KOHA)
Source of classification or shelving scheme Dewey Decimal Classification
Item type Books
Holdings
Withdrawn status Lost status Source of classification or shelving scheme Damaged status Not for loan Collection code Home library Current library Shelving location Date acquired Source of acquisition Total Checkouts Full call number Barcode Date last seen Copy number Price effective from Koha item type
    Dewey Decimal Classification       Main Library Main Library   27/05/2007 Donation   633.368 RAO 1290 27/05/2013 1 27/05/2013 Books

© 2017 Bishop Stuart University Library. All Rights Reserved.
Kakoba Campus, Plot 150 Buremba Road | P.O. Box 9, Mbarara, UGANDA | Tel: +256-772-463068
Email: library@bsu.ac.ug